00587nam a2200205 a 450000100060000000300080000600500170001400800410003102000330007203500190010504000270012404100080015108200220015910000210018124500540020226000420025630000310029850400360032965000160036569216BD-RjUL20211209081848.0170410s1971 enka b 001 0 eng  a052108251Xa0521096715 (pbk) a(BD-RjUL)69427 aDLCcDLCdBD-RjULbeng aeng00a570223bMIB 19711 aMitchison, J. M.14aThe biology of the cell cycle /cJ. M. Mitchison. aCambridge :bUniversity Press,c1971. av, 313 p. :bill ;c24 cm. aIncludes index and bibliography 0aCell cycle.